Statistics for Click to Translate - Haitian Creole

Click here to take the quiz!

General Stats

  • This quiz has been taken 718 times
  • The average score is 12 of 20

Answer Stats

HintAnswer% Correct
SingChante
84%
TenDis
83%
UsNou
76%
SleepDòmi
75%
BeforeAnvan
72%
TomorrowDemen
68%
MoonLalin
68%
IslandZile
65%
ButMen
62%
AugustOut
61%
LemonSitwon
60%
MeatVyann
59%
SoonByento
57%
WhyPoukisa
57%
GoodbyeOrevwa
53%
BirdZwazo
53%
PinkWoz
52%
BedKabann
39%
EarZòrèy
37%
TreePye bwa
33%

Score Distribution

Percentile by Number Answered

Percent of People with Each Score

Your Score History

You have not taken this quiz